00651nab a2200193 uc450000100070000000500170000700800410002403500110006503500210007604000130009704100080011010000270011824500930014565000210023865000340025965000270029365000250032077301120034579499520240515090734.0030206e20021001 spa  a794995 a(OCoLC)820007419 ccomduadb aspa10aLeal, Aurora4auteaut10aNarraciones audiovisuales y representaciones infantiles : los roles masculino y femenino aRepresentación aInfluencia de la televisión aTelevisión y niños 7aRoles sexuales2lemb0 tCultura y Educación (Madrid)gVolumen 14, Número 03, Octubre 2002, p. 313-326w110719x1135-6405088459